Estadística para administración y economía
Uloženo v:
| Hlavní autoři: | , |
|---|---|
| Další autoři: | |
| Médium: | Kniha |
| Jazyk: | španělština |
| Vydáno: |
Bogotá
Alfaomega
2004
|
| Vydání: | 11a. ed |
| Témata: | |
| Tagy: |
Přidat tag
Žádné tagy, Buďte první, kdo vytvoří štítek k tomuto záznamu!
|
MARC
| LEADER | 00000nam a2200000 a 4500 | ||
|---|---|---|---|
| 001 | UCK3290 | ||
| 003 | CL-VaPUC | ||
| 008 | 050422e20040000CK |||||||||||||||||spa|d | ||
| 020 | |a 9586825132 | ||
| 082 | 0 | 4 | |a 330.015195 |b LIN |2 21 |
| 100 | |a Lind, Douglas A. |e autor |9 569711 | ||
| 700 | 0 | |a Marchal, William G |e author |9 491377 | |
| 700 | |a Mason, Robert Deward |e autor |9 480630 | ||
| 245 | 1 | 0 | |a Estadística para administración y economía |
| 250 | |a 11a. ed | ||
| 300 | |a 830 p | ||
| 942 | |c BK | ||
| 945 | |d 20050422 00:00:00 |a cmena | ||
| 260 | |a Bogotá |b Alfaomega |c 2004 | ||
| 650 | 0 | |a Estadística descriptiva |9 366209 | |
| 650 | 0 | |a Teoría de probabilidades |9 336944 | |
| 650 | 0 | |a Regresión lineal |9 362689 | |
| 650 | 0 | |a Regresión múltiple |9 424908 | |
| 650 | 0 | |a Economía |9 255568 | |
| 650 | 0 | |a Administración |9 259325 | |
| 650 | 7 | |a METODOS NO PARAMETRICOS |2 CL-VaPUC |9 407136 | |
| 650 | 0 | |a Análisis de regresión |9 263763 | |
| 650 | 0 | |a Análisis de varianza |9 336938 | |
| 650 | 7 | |a CORRELACION |2 CL-VaPUC |9 491379 | |
| 583 | |a last modification |c 20050422 00:00:00 |k Rodrigo Vera | ||
| 999 | |c 312538 |d 312536 | ||
| 952 | |0 0 |1 0 |4 0 |6 330_015195000000000_LIN_2004 |7 0 |8 A |9 382993 |a BIBENE |b BIBENE |d 2019-11-21 |i 4115643 |o 330.015195 LIN 2004 |p 4115643 |r 2025-01-15 |w 2019-11-21 |y BK |k ICO | ||